| 000 | 00480nam a22001577a 4500 | ||
|---|---|---|---|
| 005 | 20231110130131.0 | ||
| 008 | 231110b |||||||| |||| 00| 0 eng d | ||
| 041 | _aEnglish | ||
| 082 | _a346.1 DON | ||
| 100 |
_aDonaldson, M _lEnglish |
||
| 245 |
_aMinors in Roman-Dutch Law / _cM Donaldson |
||
| 260 |
_aDurban : _bButterworth and Company Ltd, _c1955 |
||
| 300 |
_bxv, 119 pages ; _c26 cm. L |
||
| 650 |
_aLegal practice _bLaw |
||
| 942 |
_cBK _6ALISON_BN_VRIES |
||
| 999 |
_c525 _d525 |
||